| 000 | 00471pab a2200169 454500 | ||
|---|---|---|---|
| 008 | 180718b2013 xxu||||| |||| 00| 0 eng d | ||
| 100 | _aDahan, Momi | ||
| 245 | _aFiscal rules and the composition of government expenditures in OECD countries | ||
| 260 | _c2013 | ||
| 300 | _a484-504. | ||
| 362 | _aSummer | ||
| 650 | _aPublic expenditure | ||
| 700 | _aStrawczynski, Michel | ||
| 773 | _aJournal of Policy Analysis and Management | ||
| 908 | _aN | ||
| 909 | _a100805 | ||
| 999 |
_c100804 _d100804 |
||